000
00268nam a2200109Ia 4500
008
190216s9999||||xx |||||||||||||| ||und||
100
_a
Leen Pool
245
0
_a
Innathe Shashthravum Ningalum
260
_b
Southern Language Book Trust
650
_a
Physics
942
_c
BK
999
_c
32785
_d
32785